000 00604nam a2200181 4500
001 111712
003 ES-MaACL
005 20230906185340.0
007 t|
008 061121s1946 ag r ||||1| spa d
100 1 _aNasio , Juan.
_9216951
245 1 0 _aTratamiento médico de la úlcera gastroduodenal experimental /
_cpor el Dr. Juan Nasio ; prólogo del Dr. A. C. Jvy.
260 _aBuenos Aires :
_b[s.n.],
_c1946 (
_fTalls. Gráf. La Prensa Médica Argentina)
300 _a151 p. :
_bil ;
_c23 cm.
700 1 _aJvy, A. C.
_967380
852 _aES-MaACL
_jC-4184
_bR.23814
999 _c111712
_d111712